|
|
|
|
| LEADER |
02903nam a2200613 4500 |
| 001 |
978-3-540-44967-6 |
| 003 |
DE-He213 |
| 005 |
20191023182020.0 |
| 007 |
cr nn 008mamaa |
| 008 |
121227s2003 gw | s |||| 0|eng d |
| 020 |
|
|
|a 9783540449676
|9 978-3-540-44967-6
|
| 024 |
7 |
|
|a 10.1007/3-540-44967-1
|2 doi
|
| 040 |
|
|
|d GrThAP
|
| 050 |
|
4 |
|a TJ210.2-211.495
|
| 050 |
|
4 |
|a T59.5
|
| 072 |
|
7 |
|a TJFM1
|2 bicssc
|
| 072 |
|
7 |
|a TEC037000
|2 bisacsh
|
| 072 |
|
7 |
|a TJFM1
|2 thema
|
| 082 |
0 |
4 |
|a 629.892
|2 23
|
| 245 |
1 |
0 |
|a Fuzzy Sets and Systems - IFSA 2003
|h [electronic resource] :
|b 10th International Fuzzy Systems Association World Congress, Istanbul, Turkey, June 30 - July 2, 2003, Proceedings /
|c edited by Taner Bilgic, Bernard De Baets, Okays Kaynak.
|
| 250 |
|
|
|a 1st ed. 2003.
|
| 264 |
|
1 |
|a Berlin, Heidelberg :
|b Springer Berlin Heidelberg :
|b Imprint: Springer,
|c 2003.
|
| 300 |
|
|
|a XVI, 740 p.
|b online resource.
|
| 336 |
|
|
|a text
|b txt
|2 rdacontent
|
| 337 |
|
|
|a computer
|b c
|2 rdamedia
|
| 338 |
|
|
|a online resource
|b cr
|2 rdacarrier
|
| 347 |
|
|
|a text file
|b PDF
|2 rda
|
| 490 |
1 |
|
|a Lecture Notes in Artificial Intelligence ;
|v 2715
|
| 505 |
0 |
|
|a Invited Papers -- Mathematical Areas -- Methodological Areas -- Application Areas -- Cross-Disciplinary Areas.
|
| 650 |
|
0 |
|a Robotics.
|
| 650 |
|
0 |
|a Automation.
|
| 650 |
|
0 |
|a Mathematical logic.
|
| 650 |
|
0 |
|a Artificial intelligence.
|
| 650 |
|
0 |
|a Database management.
|
| 650 |
|
0 |
|a Optical data processing.
|
| 650 |
1 |
4 |
|a Robotics and Automation.
|0 http://scigraph.springernature.com/things/product-market-codes/T19020
|
| 650 |
2 |
4 |
|a Mathematical Logic and Foundations.
|0 http://scigraph.springernature.com/things/product-market-codes/M24005
|
| 650 |
2 |
4 |
|a Artificial Intelligence.
|0 http://scigraph.springernature.com/things/product-market-codes/I21000
|
| 650 |
2 |
4 |
|a Mathematical Logic and Formal Languages.
|0 http://scigraph.springernature.com/things/product-market-codes/I16048
|
| 650 |
2 |
4 |
|a Database Management.
|0 http://scigraph.springernature.com/things/product-market-codes/I18024
|
| 650 |
2 |
4 |
|a Computer Imaging, Vision, Pattern Recognition and Graphics.
|0 http://scigraph.springernature.com/things/product-market-codes/I22005
|
| 700 |
1 |
|
|a Bilgic, Taner.
|e editor.
|4 edt
|4 http://id.loc.gov/vocabulary/relators/edt
|
| 700 |
1 |
|
|a Baets, Bernard De.
|e editor.
|4 edt
|4 http://id.loc.gov/vocabulary/relators/edt
|
| 700 |
1 |
|
|a Kaynak, Okays.
|e editor.
|4 edt
|4 http://id.loc.gov/vocabulary/relators/edt
|
| 710 |
2 |
|
|a SpringerLink (Online service)
|
| 773 |
0 |
|
|t Springer eBooks
|
| 776 |
0 |
8 |
|i Printed edition:
|z 9783662201794
|
| 776 |
0 |
8 |
|i Printed edition:
|z 9783540403838
|
| 830 |
|
0 |
|a Lecture Notes in Artificial Intelligence ;
|v 2715
|
| 856 |
4 |
0 |
|u https://doi.org/10.1007/3-540-44967-1
|z Full Text via HEAL-Link
|
| 912 |
|
|
|a ZDB-2-SCS
|
| 912 |
|
|
|a ZDB-2-LNC
|
| 912 |
|
|
|a ZDB-2-BAE
|
| 950 |
|
|
|a Computer Science (Springer-11645)
|